[Event "CZE-chT2E 2223"]
[Site "Czech Republic"]
[Date "2023.03.05"]
[Round "10.8"]
[White "Zaza, Martin"]
[Black "Voborny, David"]
[Result "1-0"]
[WhiteElo "1765"]
[BlackElo "1905"]
[PlyCount "95"]
[EventDate "2022.10.16"]
[EventType "team-tourn"]
[EventRounds "11"]
[EventCountry "CZE"]
[SourceTitle "EXT 2024"]
[Source "ChessBase"]
[SourceDate "2023.10.10"]
[SourceVersion "1"]
[SourceVersionDate "2023.10.10"]
[SourceQuality "1"]
[WhiteTeam "Namest nad Oslavou"]
[BlackTeam "Znojmo"]
[WhiteTeamCountry "CZE"]
[BlackTeamCountry "CZE"]

1. e4 c6 2. Nc3 Nf6 3. e5 Nd5 4. Nxd5 cxd5 5. d4 d6 6. f4 dxe5 7. fxe5 Bf5 8. Nf3 e6 9. Bd3 Bxd3 10. Qxd3 Nc6 11. c3 Be7 12. 0-0 a6 13. Rf2 b5 14. a3 0-0 15. Bf4 f6 16. exf6 Bxf6 17. Re1 Qd7 18. Bg3 Rae8 19. Rfe2 Rf7 20. a4 Nd8 21. Bh4 bxa4 22. Bxf6 gxf6 23. Qxa6 Qa7 24. Qb5 Qd7 25. Qb4 Qc6 26. Ra1 Ra7 27. b3 Ree7 28. Rxa4 Rab7 29. Qa5 Rec7 30. c4 Rxb3 31. cxd5 exd5 32. Ra1 Kf7 33. Rf1 Qd6 34. Ne5+ Kg7 35. Ng4 Rf7 36. Qd2 f5 37. Ne5 Rf8 38. Ref2 Ne6 39. Qh6+ Kg8 40. h3 Rb6 41. Rxf5 Rxf5 42. Rxf5 Ng7 43. Qg5 h6 44. Qg3 Rb7 45. Rf4 Qa6 46. Qf3 Qa2 47. Rf8+ Kh7 48. Qd3+ 1-0

[Event "Ceske Budejovice op-A"]
[Site "Ceske Budejovice"]
[Date "2022.07.04"]
[Round "4"]
[White "Prazak, Daniel"]
[Black "Zaza, Martin"]
[Result "1-0"]
[WhiteElo "2113"]
[BlackElo "1911"]
[PlyCount "45"]
[EventDate "2022.07.01"]
[EventType "swiss"]
[EventRounds "9"]
[EventCountry "CZE"]
[SourceTitle "CBM 209 Extra"]
[Source "ChessBase"]
[SourceDate "2022.09.30"]
[SourceVersion "1"]
[SourceVersionDate "2022.09.30"]
[SourceQuality "1"]

1. Nf3 c5 2. e4 Nf6 3. e5 Nd5 4. Nc3 e6 5. Nxd5 exd5 6. d4 d6 7. exd6 Bxd6 8. dxc5 Bxc5 9. Be2 0-0 10. 0-0 Nc6 11. a3 a5 12. b3 d4 13. Bb2 Qf6 14. h3 Rd8 15. Bd3 Ne5 16. Nxe5 Qxe5 17. Re1 Qg5 18. Bc1 Qf6 19. Qh5 Bf5 20. Qxf5 Qxf5 21. Bxf5 d3 22. Bxd3 Rd6 23. Be3 1-0

[Event "Ceske Budejovice op-A"]
[Site "Ceske Budejovice"]
[Date "2022.07.03"]
[Round "3"]
[White "Zaza, Martin"]
[Black "Hladky, Tadeas"]
[Result "1/2-1/2"]
[WhiteElo "1911"]
[BlackElo "2095"]
[PlyCount "80"]
[EventDate "2022.07.01"]
[EventType "swiss"]
[EventRounds "9"]
[EventCountry "CZE"]
[SourceTitle "CBM 209 Extra"]
[Source "ChessBase"]
[SourceDate "2022.09.30"]
[SourceVersion "1"]
[SourceVersionDate "2022.09.30"]
[SourceQuality "1"]

1. Nf3 d5 2. g3 Nf6 3. Bg2 c5 4. c4 Nc6 5. cxd5 Nxd5 6. Nc3 Nxc3 7. bxc3 g6 8. 0-0 Bg7 9. Bb2 Qb6 10. Rb1 Bf5 11. d3 0-0 12. Ba1 Qc7 13. c4 e5 14. Nd2 Rad8 15. Qa4 Bd7 16. Qa3 b6 17. Ne4 Bg4 18. Nc3 Nd4 19. Rb2 Rd7 20. h3 Be6 21. Nd5 Qd6 22. Rd2 Nf5 23. e4 Nd4 24. f4 f6 25. Bxd4 cxd4 26. Qxd6 Rxd6 27. fxe5 fxe5 28. Rxf8+ Kxf8 29. Rf2+ Ke8 30. Nc7+ Ke7 31. Nxe6 Rxe6 32. h4 Rc6 33. Rb2 Rc5 34. Kf2 Ra5 35. Ke2 Ra3 36. g4 Bf6 37. g5 Bg7 38. c5 bxc5 39. Rb7+ Kf8 40. Rb8+ Kf7 1/2-1/2

[Event "Ceske Budejovice op-A"]
[Site "Ceske Budejovice"]
[Date "2022.07.01"]
[Round "1"]
[White "Zaza, Martin"]
[Black "Dotzer, Lukas"]
[Result "0-1"]
[WhiteElo "1911"]
[BlackElo "2269"]
[PlyCount "80"]
[EventDate "2022.07.01"]
[EventType "swiss"]
[EventRounds "9"]
[EventCountry "CZE"]
[SourceTitle "CBM 209 Extra"]
[Source "ChessBase"]
[SourceDate "2022.09.30"]
[SourceVersion "1"]
[SourceVersionDate "2022.09.30"]
[SourceQuality "1"]

1. e4 c5 2. Nf3 e6 3. b3 Nc6 4. Bb2 d6 5. Bb5 Bd7 6. 0-0 a6 7. Be2 Nf6 8. d3 Qc7 9. Nbd2 Be7 10. a4 0-0 11. Re1 Nh5 12. Ne5 Nxe5 13. Bxh5 Ng6 14. g3 e5 15. Bg4 Bc6 16. Nc4 b5 17. axb5 axb5 18. Rxa8 Rxa8 19. Ne3 Bg5 20. Qe2 Ra2 21. Ra1 Rxa1+ 22. Bxa1 Qa5 23. Qd1 Ne7 24. Kf1 g6 25. Bb2 Bxe3 26. fxe3 f5 27. exf5 gxf5 28. Bh3 Qa8 29. Qa1 Qf8 30. Qa5 Qh6 31. Qd8+ Kf7 32. Bg2 Bxg2+ 33. Kxg2 Qxe3 34. Qxd6 Qe2+ 35. Kh3 Qf1+ 36. Kh4 Ng6+ 37. Kg5 h6+ 38. Kxh6 Qh3+ 39. Kg5 Qg4+ 40. Kh6 Ne7 0-1

[Event "CZE-ch Amateur"]
[Site "Luhacovice"]
[Date "2022.03.17"]
[Round "7"]
[White "Cupek, Martin"]
[Black "Zaza, Martin"]
[Result "0-1"]
[WhiteElo "2108"]
[BlackElo "1822"]
[PlyCount "219"]
[EventDate "2022.03.12"]
[EventType "swiss"]
[EventRounds "9"]
[EventCountry "CZE"]
[SourceTitle "EXT 2023"]
[Source "ChessBase"]
[SourceDate "2022.10.05"]
[SourceVersion "1"]
[SourceVersionDate "2022.10.05"]
[SourceQuality "1"]

1. Nf3 Nf6 2. d4 d5 3. g3 g6 4. Bg2 Bg7 5. 0-0 0-0 6. c4 c6 7. Nc3 Nbd7 8. cxd5 cxd5 9. Bf4 a6 10. Rc1 Nb8 11. Ne5 e6 12. Qb3 Nh5 13. Be3 Nd7 14. Nxd7 Qxd7 15. Na4 Qd6 16. Qb6 Qd7 17. b3 a5 18. Rc7 Qd8 19. Qc5 Re8 20. Nb6 Bf8 21. Qc2 Rb8 22. g4 Nf6 23. Bf4 Nxg4 24. h3 Bd6 25. Qc1 Bxf4 26. Qxf4 Nf6 27. Rfc1 Bd7 28. Nxd7 Nxd7 29. Rxd7 Qxd7 30. Rc7 e5 31. Qxe5 Rxe5 32. Rxd7 Rxe2 33. Bxd5 Rxa2 34. Rxf7 Kh8 35. Bxb7 a4 36. bxa4 Rxa4 37. Be4 Rxd4 38. Re7 Rf8 39. Kg2 Rd2 40. Bf3 Kg8 41. Re3 Kg7 42. Kg3 h6 43. Rb3 Rf7 44. Ra3 g5 45. Rc3 Rd4 46. Bh5 Rfd7 47. Rc6 R4d6 48. Rc8 Rd3+ 49. Kg2 R3d6 50. Kg3 Rf6 51. Rc3 Rd4 52. Rc7+ Kf8 53. Rc8+ Ke7 54. Re8+ Kd7 55. Re3 Kd6 56. Ra3 Kc5 57. Re3 Kb4 58. Be2 Rdf4 59. f3 h5 60. Bd3 h4+ 61. Kg2 Rd6 62. Kf2 Rd5 63. Be2 Rc5 64. Re8 Kc3 65. Re3+ Kd2 66. Rd3+ Kc2 67. Rd8 Rb4 68. Rd7 Rb2 69. Rd3 Re5 70. Bf1 Kc1+ 71. Kg1 Re1 72. Rd5 Rd2 73. Rxg5 Rdd1 74. Rc5+ Kb2 75. Rc4 Rxf1+ 76. Kg2 Rg1+ 77. Kf2 Rdf1+ 78. Ke2 Rc1 79. Rxh4 Rc2+ 80. Kd3 Rc3+ 81. Ke2 Rg2+ 82. Kf1 Rh2 83. Rb4+ Ka3 84. Kg1 Rd2 85. Rb1 Rxf3 86. h4 Rg3+ 87. Kh1 Rh3+ 88. Kg1 Rxh4 89. Ra1+ Kb2 90. Ra8 Rc4 91. Rb8+ Ka3 92. Ra8+ Kb4 93. Rb8+ Ka5 94. Ra8+ Kb4 95. Rb8+ Kc3 96. Kf1 Kc2 97. Ke1 Re4+ 98. Kf1 Rh4 99. Rc8+ Kd1 100. Kg1 Re4 101. Rf8 Re1+ 102. Rf1 Rxf1+ 103. Kxf1 Kc2 104. Ke1 Kd3 105. Kf1 Ke3 106. Ke1 Rd6 107. Kf1 Kf3 108. Kg1 Rd7 109. Kh1 Kg3 110. Kg1 0-1

[Event "CZE-ch Amateur"]
[Site "Luhacovice"]
[Date "2022.03.16"]
[Round "6"]
[White "Zaza, Martin"]
[Black "Toman, Jan"]
[Result "0-1"]
[WhiteElo "1822"]
[BlackElo "2127"]
[PlyCount "112"]
[EventDate "2022.03.12"]
[EventType "swiss"]
[EventRounds "9"]
[EventCountry "CZE"]
[SourceTitle "EXT 2023"]
[Source "ChessBase"]
[SourceDate "2022.10.05"]
[SourceVersion "1"]
[SourceVersionDate "2022.10.05"]
[SourceQuality "1"]

1. e4 c5 2. Nf3 e6 3. d3 Nc6 4. g3 d5 5. Nbd2 Nf6 6. Bg2 Be7 7. 0-0 b5 8. Re1 0-0 9. Qe2 Qc7 10. e5 Nd7 11. Nf1 Nd4 12. Nxd4 cxd4 13. Bf4 Bb7 14. h4 Rfc8 15. Rec1 a5 16. Nh2 Qd8 17. Nf3 Qb6 18. Ng5 h6 19. Nf3 a4 20. c3 dxc3 21. bxc3 Ba6 22. Rab1 Qa5 23. Bd2 Qd8 24. Nd4 Rab8 25. c4 bxc4 26. Rxb8 Nxb8 27. Qg4 Kh8 28. Qh5 Qf8 29. dxc4 Bxc4 30. Bf1 Ba3 31. Rb1 Nd7 32. Rb7 g6 33. Qd1 Nc5 34. Ra7 Bxf1 35. Kxf1 Ne4 36. Be3 Bc5 37. Rb7 Bxd4 38. Qxd4 a3 39. Qa7 Kg8 40. Kg2 Nc3 41. Rb3 Nxa2 42. Qxa3 Qxa3 43. Rxa3 Nb4 44. Bxh6 Nc6 45. Rc3 Ne7 46. Rxc8+ Nxc8 47. Be3 Ne7 48. f4 Nc6 49. Bc5 Kg7 50. g4 Na5 51. h5 gxh5 52. gxh5 Kh6 53. Kg3 Kxh5 54. f5 Kg5 55. fxe6 fxe6 56. Bd6 Kf5 0-1